| 000 | 01089nam a2200229Ia 4500 | ||
|---|---|---|---|
| 001 | L490-25693 | ||
| 003 | IT-CnALBA | ||
| 008 | 170116s9999||||xx |||||||||||||| ||und|| | ||
| 040 |
_aIT-CnALBA _cIT-CnALBA |
||
| 041 | _aARABO | ||
| 100 | _aDE MARCHI FRANCESCANTONIO, AVV. | ||
| 245 | 0 | _aMETODO PRATICO PER LO STUDIO DELLA LINGUA ARABA PARLATA. | |
| 250 | _a2a ed. | ||
| 260 |
_aMILANO _bCARRARA P. LIBR. EDUCAZ. ISTRUZ. _c1888 [1° Ed.: n.d.] |
||
| 300 | _a288 p. | ||
| 500 | _aTAVOLA ALFABETO. INTRODUZIONE DELL'AUTORE. DIFFICOLTÀ E IMPEGNO PER L'INSEGNAMENTO DELL'ARABO. LETTERALE E VOLGARE. PRONOME VERBO. NOME. SINTASSI DEL VERBO. PARTICELLE. ESERCIZI PRATICI. | ||
| 501 | _aSocietà San Paolo EM - Piazza San Paolo, 14 - 12051 ALBA (CN) (non commercial uses only) ® Copyright 2017 | ||
| 520 | _aTAVOLA ALFABETO. INTRODUZIONE DELL'AUTORE. DIFFICOLTÀ E IMPEGNO PER L'INSEGNAMENTO DELL'ARABO. LETTERALE E VOLGARE. PRONOME VERBO. NOME. SINTASSI DEL VERBO. PARTICELLE. ESERCIZI PRATICI. | ||
| 650 | _aGRAMMATICHE DI ALTRE LINGUE | ||
| 942 | _cBK | ||
| 957 | _71 | ||
| 999 |
_a30480 _bSI _g Copie: 1 _c284806 _d284806 |
||